[Event "AUTO-ELITE-619"]
[Site "http://www.queenalice.com/game.php?id=887834"]
[Date "2011.1.18"]
[Round "2"]
[White "fosdunc"]
[Black "Plotnnikov"]
[Result "1/2-1/2"]
[WhiteElo "2362"]
[BlackElo "2464"]

1. e4 e5 2. Nf3 Nc6 3. d4 exd4 4. Bc4 Nf6 5. e5 d5 6. Bb5 Ne4 7. Nxd4 Bd7 8.
Bxc6 bxc6 9. O-O Bc5 10. f3 Ng5 11. Be3 Bb6 12. Qd2 Ne6 13. Nc3 Nxd4 14. Bxd4
Qe7 15. a3 O-O 16. Rfe1 Rfe8 17. Qf2 Bf5 18. Rac1 Qg5 19. Ne2 Qe7 20. b4 a5 21.
Bxb6 cxb6 22. Qxb6 axb4 23. axb4 Bd7 24. Qc7 Rad8 25. c3 Qxe5 26. Qxe5 Rxe5 27.
Nd4 Rxe1+ 28. Rxe1 Ra8 29. Kf2 Kf8 30. g4 Ra3 31. Re3 f6 32. h3 Kf7 33. Kg3 g6
34. f4 Ra1 35. f5 gxf5 36. gxf5 Rg1+ 37. Kf3 h5 38. Kf4 Rf1+ 39. Kg3 Be8 40. Kg2
1/2-1/2

[Event "AUTO-ELITE-619"]
[Site "http://www.queenalice.com/game.php?id=887837"]
[Date "2011.1.18"]
[Round "2"]
[White "fosdunc"]
[Black "AFA1961"]
[Result "1-0"]
[WhiteElo "2356"]
[BlackElo "2063"]

1. e4 e5 2. Nf3 Nc6 3. d4 exd4 4. Bc4 Nf6 5. e5 d5 6. Bb5 Ne4 7. Nxd4 Bd7 8.
Bxc6 bxc6 9. O-O Bc5 10. f3 Ng5 11. Be3 Ne6 12. c3 O-O 13. Nd2 Bb6 14. f4 c5 15.
Nxe6 fxe6 16. Qg4 d4 17. Bf2 h5 18. Qf3 Qe8 19. cxd4 cxd4 20. Rac1 Rd8 21. Bh4
d3+ 22. Kh1 1-0

[Event "AUTO-ELITE-619"]
[Site "http://www.queenalice.com/game.php?id=887838"]
[Date "2011.1.18"]
[Round "2"]
[White "AFA1961"]
[Black "fosdunc"]
[Result "1-0"]
[WhiteElo "2388"]
[BlackElo "2381"]

1. Nf3 e6 2. e4 b6 3. d4 Bb7 4. Nc3 h6 5. Bd3 g6 6. O-O Bg7 7. Be3 Ne7 8. Re1
O-O 9. Qd2 Kh7 10. d5 Na6 11. Bd4 Bxd4 12. Nxd4 Nc5 13. Re3 e5 14. Rh3 h5 15.
Nf5 Ng8 16. Be2 Qf6 17. b4 Na6 18. Bxh5 gxf5 19. exf5 1-0

[Event "AUTO-ELITE-696"]
[Site "http://www.queenalice.com/game.php?id=890506"]
[Date "2011.1.24"]
[Round "1"]
[White "fosdunc"]
[Black "pumamercedino"]
[Result "1/2-1/2"]
[WhiteElo "2356"]
[BlackElo "2436"]

1. e4 c6 2. d4 d5 3. Nc3 dxe4 4. f3 Nf6 5. Bc4 Nbd7 6. Nxe4 e5 7. Ne2 Nxe4 8.
fxe4 Nb6 9. Bb3 Qh4+ 10. Ng3 Bg4 11. Qd2 Bd6 12. O-O O-O 13. Qf2 exd4 14. Bxf7+
Kh8 15. Qxd4 Qe7 16. Bg5 Qc7 17. e5 Bxe5 18. Qxg4 Rxf7 19. Qe6 Rff8 20. Rxf8+
Rxf8 21. Rf1 Nd7 22. Rf7 Qb6+ 23. Kf1 Qd4 24. Ne2 Qd1+ 25. Kf2 Rxf7+ 26. Qxf7 h6
27. Bf4 Bxb2 28. Qe8+ Kh7 29. Qe4+ 1/2-1/2

[Event "AUTO-ELITE-696"]
[Site "http://www.queenalice.com/game.php?id=890507"]
[Date "2011.1.24"]
[Round "1"]
[White "pumamercedino"]
[Black "fosdunc"]
[Result "1-0"]
[WhiteElo "2442"]
[BlackElo "2365"]

1. c4 e6 2. Nc3 b6 3. e4 Bb7 4. Nf3 g6 5. d4 h6 6. Be2 Bg7 7. O-O Ne7 8. Be3 O-O
9. Qd2 Kh7 10. h4 d6 11. h5 Nd7 12. hxg6+ fxg6 13. d5 Nc5 14. Nd4 e5 15. Nb3 c6
16. Rad1 cxd5 17. cxd5 Ng8 18. Nxc5 bxc5 19. a3 a5 20. Rb1 Ba6 21. Bxa6 Rxa6 22.
b4 axb4 23. axb4 cxb4 24. Rxb4 Nf6 25. f3 Nh5 26. Rb7 Nf4 27. Rfb1 Qh4 28. Ne2
Nh3+ 29. gxh3 Rxf3 30. Nf4 Rg3+ 31. Ng2 Qxh3 32. Bf4 Rga3 33. Qc1 Ra8 34. Rxg7+
Kxg7 35. Rb7+ Kg8 36. Qc7 Ra1+ 37. Bc1 Rxc1+ 38. Qxc1 g5 39. Qb2 Ra3 40. Re7 Rb3
41. Qc2 Ra3 42. Qc1 Rc3 43. Qf1 1-0

[Event "AUTO-ELITE-696"]
[Site "http://www.queenalice.com/game.php?id=890508"]
[Date "2011.1.24"]
[Round "1"]
[White "fosdunc"]
[Black "priit57"]
[Result "0-1"]
[WhiteElo "2358"]
[BlackElo "2540"]

1. e4 c5 2. c3 Nf6 3. e5 Nd5 4. d4 Nc6 5. Nf3 cxd4 6. Bc4 Nb6 7. Bb3 d6 8. exd6
Qxd6 9. Nxd4 e5 10. Qe2 Nxd4 11. cxd4 Qxd4 12. O-O Bg4 13. Qb5+ Bd7 14. Qe2 Be7
15. Nd2 f6 16. Rd1 Qg4 17. f3 Qb4 18. Ne4 Bb5 19. Qf2 Bc4 20. Bxc4 Qxc4 21. Be3
Qe6 22. Nc5 Bxc5 23. Bxc5 Nd5 24. Qd2 Rd8 25. Bxa7 O-O 26. Bf2 Rd7 27. Rac1 Rfd8
28. Qc2 g6 29. g3 Qh3 30. a4 b6 31. b4 e4 32. Qb3 Kf8 33. Qb2 Rd6 34. Bc5 bxc5
35. bxc5 Re6 36. c6 Rde8 37. f4 Ne7 38. c7 Nc8 39. Rd8 e3 40. Qd4 Qf5 41. Qd7 e2
42. Re1 Re7 43. Rxe8+ Rxe8 44. Qxh7 Qd3 45. Qh8+ Kf7 46. Qh7+ Ke6 47. Qh4 f5 48.
Qh6 Qd4+ 49. Kg2 Kf7 50. Qh7+ Kf6 51. Qh4+ Kg7 52. g4 Qe4+ 0-1

[Event "AUTO-ELITE-696"]
[Site "http://www.queenalice.com/game.php?id=890509"]
[Date "2011.1.24"]
[Round "1"]
[White "priit57"]
[Black "fosdunc"]
[Result "1-0"]
[WhiteElo "2485"]
[BlackElo "2358"]

1. e4 e6 2. d4 b6 3. c4 Bb7 4. Bd3 g6 5. Nf3 h6 6. O-O Bg7 7. Nc3 Ne7 8. Be3 O-O
9. Rc1 d6 10. d5 Nd7 11. Qd2 Kh7 12. a3 Nc5 13. Bc2 e5 14. Rfe1 a5 15. h4 Ng8
16. Rb1 Qc8 17. b4 axb4 18. axb4 Nd7 19. c5 dxc5 20. bxc5 Nxc5 21. Bxc5 bxc5 22.
Na4 c4 23. Nc5 Ba6 24. Ba4 Ne7 25. Nd7 Rd8 26. Ndxe5 f5 27. h5 gxh5 28. Qc2 fxe4
29. Nh4 Kg8 30. Qxe4 Rd6 31. Bc2 1-0

[Event "AUTO-OPEN-2239"]
[Site "http://www.queenalice.com/game.php?id=890664"]
[Date "2011.1.24"]
[Round "1"]
[White "MariusLola"]
[Black "fosdunc"]
[Result "0-1"]
[WhiteElo "1733"]
[BlackElo "2359"]

1. e4 e6 2. d4 b6 3. e5 Bb7 4. Nf3 h6 5. g3 g6 6. Bg2 Bg7 7. O-O Ne7 8. Nc3 O-O
9. Nh4 Bxg2 10. Nxg2 d5 11. b3 c5 12. Ba3 cxd4 13. Qxd4 Nbc6 14. Qe3 d4 15. Bxe7
Nxe7 16. Qd3 dxc3 17. Qxc3 Rc8 18. Qe3 Rxc2 19. Rfd1 Rxa2 20. Rxd8 Rxa1+ 21. Ne1
Rxd8 22. Kg2 Ra2 23. Nf3 Rd1 24. b4 Rb1 25. Qd4 Nd5 26. Qc4 Ne3+ 0-1

[Event "AUTO-OPEN-2239"]
[Site "http://www.queenalice.com/game.php?id=890665"]
[Date "2011.1.24"]
[Round "1"]
[White "fosdunc"]
[Black "MariusLola"]
[Result "1-0"]
[WhiteElo "2379"]
[BlackElo "1907"]

1. e4 e5 2. Nf3 Nc6 3. d4 exd4 4. Bc4 Bc5 5. O-O Qe7 6. c3 Qd6 7. e5 Nxe5 8.
Nxe5 f6 9. Nf7 Qc6 10. Nxh8 Be7 11. Qh5+ g6 12. Bf7+ Kf8 13. Bh6+ Nxh6 14. Qxh6#
1-0

[Event "AUTO-OPEN-2239"]
[Site "http://www.queenalice.com/game.php?id=890694"]
[Date "2011.1.24"]
[Round "1"]
[White "Tauro"]
[Black "fosdunc"]
[Result "0-1"]
[WhiteElo "1829"]
[BlackElo "2347"]

1. e4 e6 2. d4 b6 3. Nf3 h6 4. Nc3 Bb7 5. Bf4 d6 6. Bc4 Ne7 7. d5 e5 8. Be3 Nd7
9. O-O g6 10. Qe2 Bg7 11. Ba6 Bxa6 12. Qxa6 O-O 13. Rad1 f5 14. Qc4 a6 15. exf5
b5 16. Qb4 Nxf5 17. a4 Nf6 18. axb5 axb5 19. Nxb5 Rb8 20. c4 Nxe3 21. fxe3 Ng4
22. Qd2 e4 23. h3 exf3 24. hxg4 fxg2 25. Rxf8+ Qxf8 26. Qxg2 Qe7 27. Re1 Rf8 28.
b3 Rf7 29. Re2 Qg5 30. b4 Be5 0-1

[Event "AUTO-OPEN-2239"]
[Site "http://www.queenalice.com/game.php?id=890695"]
[Date "2011.1.24"]
[Round "1"]
[White "fosdunc"]
[Black "Tauro"]
[Result "1-0"]
[WhiteElo "2348"]
[BlackElo "1827"]

1. e4 e5 2. Nf3 Nc6 3. d4 exd4 4. Bc4 d6 5. O-O Nf6 6. Nxd4 Ne5 7. Bb3 Be7 8. f4
Ned7 9. Nc3 O-O 10. Re1 Nc5 11. Bc4 c6 12. b4 Bg4 13. Be2 Bxe2 14. Qxe2 Ne6 15.
Nxe6 fxe6 16. Rb1 a5 17. b5 Qd7 18. Bd2 d5 19. e5 Bc5+ 20. Kh1 Ne8 21. Na4 Qe7
22. c4 Bb4 23. cxd5 cxd5 24. g3 Nc7 25. Red1 Bxd2 26. Rxd2 Rac8 27. Nb6 Rcd8 28.
Rc1 Na8 29. Nxa8 Rxa8 30. Rdc2 1-0

[Event "luciopac"]
[Site "http://www.queenalice.com/game.php?id=904398"]
[Date "2011.2.23"]
[Round "3"]
[White "Gastaodacunha"]
[Black "fosdunc"]
[Result "0-1"]
[WhiteElo "2125"]
[BlackElo "2351"]

1. d4 e6 2. e4 b6 3. Bd3 g6 4. Ne2 Bb7 5. O-O Bg7 6. c3 Ne7 7. f4 O-O 8. Ng3 d6
9. f5 Nd7 10. Bg5 h6 11. Be3 exf5 12. exf5 Nf6 13. fxg6 fxg6 14. Nd2 Qd7 15.
Nde4 Ng4 16. Rxf8+ Rxf8 17. Qe2 Nxe3 18. Qxe3 Nd5 19. Qd2 Nf4 20. Bc2 Ba6 21.
Re1 h5 22. Ng5 Bh6 23. h4 Bxg5 24. hxg5 Qg4 25. Ne4 Be2 26. Rxe2 Nxe2+ 27. Kh2
Qh4# 0-1

[Event "AUTO-OPEN-2239"]
[Site "http://www.queenalice.com/game.php?id=946171"]
[Date "2011.6.5"]
[Round "2"]
[White "Morysek"]
[Black "fosdunc"]
[Result "0-1"]
[WhiteElo "2118"]
[BlackElo "2370"]

1. f4 e6 2. Nf3 b6 3. e3 Bb7 4. b3 d6 5. Bb2 Nd7 6. Be2 Ngf6 7. O-O g6 8. Ng5
Bg7 9. Bf3 d5 10. Qe2 O-O 11. d3 Re8 12. Nd2 e5 13. f5 h6 14. fxg6 hxg5 15.
gxf7+ Kxf7 16. Bh5+ Kg8 17. Bxe8 Qxe8 18. Rf5 Qg6 19. Raf1 Re8 20. Qf2 c5 21. d4
cxd4 22. exd4 e4 23. Qe3 Bh6 0-1

[Event "AUTO-OPEN-2239"]
[Site "http://www.queenalice.com/game.php?id=946172"]
[Date "2011.6.5"]
[Round "2"]
[White "fosdunc"]
[Black "Morysek"]
[Result "0-1"]
[WhiteElo "2386"]
[BlackElo "2125"]

1. e4 d6 2. d4 Nf6 3. Nc3 g6 4. f4 Bg7 5. Nf3 O-O 6. Bd3 c5 7. dxc5 dxc5 8. e5
Nd5 9. Nxd5 Qxd5 10. Qe2 Nc6 11. Be4 Qd7 12. Be3 Nd4 13. Nxd4 cxd4 14. Rd1 Qa4
15. Bxd4 Qxa2 16. O-O Qa4 17. b3 Qb4 18. Qe3 Bg4 19. Bc5 Qa5 20. Ra1 Qc7 21.
Bxa7 Bd7 22. Bb6 Qc8 23. Qc5 Bc6 24. Rxa8 Qxa8 0-1

[Event "AUTO-OPEN-2239"]
[Site "http://www.queenalice.com/game.php?id=946175"]
[Date "2011.6.5"]
[Round "2"]
[White "smagoo"]
[Black "fosdunc"]
[Result "0-1"]
[WhiteElo "2261"]
[BlackElo "2354"]

1. d4 e6 2. c4 b6 3. Nc3 Bb7 4. Nf3 h6 5. Bf4 d6 6. e3 g5 7. Bg3 Bg7 8. Be2 Ne7
9. Qc2 Nf5 10. Bd3 Nxg3 11. hxg3 Nd7 12. Nb5 a6 13. Nc3 Qe7 14. Be4 c6 15. a3 g4
16. Nd2 f5 17. Bd3 O-O 18. Ne2 c5 19. Nf4 cxd4 20. Ng6 Qg5 21. Nxf8 Rxf8 22. e4
f4 23. gxf4 Qxf4 24. O-O-O Qxf2 25. Rdf1 Qe3 26. Rxf8+ Kxf8 27. Qd1 Nc5 0-1

[Event "AUTO-OPEN-2239"]
[Site "http://www.queenalice.com/game.php?id=946176"]
[Date "2011.6.5"]
[Round "2"]
[White "fosdunc"]
[Black "smagoo"]
[Result "1/2-1/2"]
[WhiteElo "2346"]
[BlackElo "2258"]

1. e4 c6 2. d4 d5 3. Nc3 dxe4 4. f3 exf3 5. Nxf3 Bg4 6. Bc4 e6 7. O-O Nf6 8. Bf4
Bd6 9. Qd2 Bxf4 10. Qxf4 Bxf3 11. Rxf3 Nbd7 12. Ne4 O-O 13. Raf1 Nxe4 14. Qxe4
Nf6 15. Qe5 b5 16. Bd3 Qd5 17. Rh3 h6 18. Rxf6 Qxe5 19. dxe5 gxf6 20. exf6 Rfd8
21. Rxh6 Rd4 22. Bh7+ 1/2-1/2

[Event "AUTO-OPEN-1990"]
[Site "http://www.queenalice.com/game.php?id=948167"]
[Date "2011.6.10"]
[Round "3"]
[White "fosdunc"]
[Black "LOMBARDY"]
[Result "1-0"]
[WhiteElo "2343"]
[BlackElo "2184"]

1. e4 c5 2. c3 Nf6 3. e5 Nd5 4. d4 cxd4 5. cxd4 e6 6. Nf3 d6 7. a3 dxe5 8. dxe5
Be7 9. Bb5+ Bd7 10. Bd3 Bc6 11. O-O Nd7 12. Re1 N7b6 13. Nd4 Bd7 14. Qg4 O-O 15.
Bh6 g6 16. Bxf8 Bxf8 17. Nd2 Bg7 18. Rac1 Rc8 19. Rxc8 Nxc8 20. h3 Be8 21. Rc1
Nde7 22. N2f3 Nc6 23. Nxc6 Bxc6 24. Be4 Ne7 25. Qh4 Qe8 26. b4 a6 27. Nd4 Bd5
28. Rc7 Bxe4 29. Rxe7 Qd8 30. Nxe6 Qd1+ 31. Kh2 Bxe5+ 32. f4 fxe6 33. Qxh7+ 1-0

[Event "AUTO-OPEN-1990"]
[Site "http://www.queenalice.com/game.php?id=948168"]
[Date "2011.6.10"]
[Round "3"]
[White "LOMBARDY"]
[Black "fosdunc"]
[Result "0-1"]
[WhiteElo "2190"]
[BlackElo "2363"]

1. d4 e6 2. c4 b6 3. a3 Bb7 4. Nc3 g6 5. Bf4 Bg7 6. e3 Ne7 7. Nf3 O-O 8. Be2 d6
9. O-O Nd7 10. h3 e5 11. Bh2 Nf5 12. d5 e4 13. Nxe4 Bxb2 14. Ra2 Bg7 15. Ned2
Nc5 16. Nb3 Ne4 17. Rc2 Re8 18. Nfd4 Bc8 19. Bf3 Bd7 20. Nxf5 Bxf5 21. Bg4 Nc3
22. Rxc3 Bxg4 23. Qxg4 Bxc3 24. Nd4 Bxd4 25. Qxd4 f5 26. Qd1 Re4 27. Qd3 Qe7 28.
Re1 f4 29. Kh1 Re8 30. Bg1 Qh4 31. Rf1 f3 32. Rc1 Rg4 33. e4 Rf8 34. e5 Rxg2 0-1

[Event "luciopac"]
[Site "http://www.queenalice.com/game.php?id=956680"]
[Date "2011.7.4"]
[Round "4"]
[White "fosdunc"]
[Black "falekhine"]
[Result "1-0"]
[WhiteElo "2350"]
[BlackElo "2094"]

1. e4 c6 2. d4 d5 3. Nc3 dxe4 4. f3 exf3 5. Nxf3 Bg4 6. h3 Bh5 7. g4 Bg6 8. h4
Nf6 9. h5 Be4 10. g5 Bxf3 11. Qxf3 Nd5 12. g6 Nf6 13. gxf7+ Kxf7 14. Be3 e6 15.
O-O-O Bb4 16. Ne4 Qa5 17. Bc4 h6 18. Nxf6 gxf6 19. Qe4 Re8 20. Qh7+ 1-0